Canadians - Sudden Death - Statistics

General Stats
  • This quiz has been taken 45,335 times
  • The average score is 8 of 20
Answers on the Grid
Answers color-coded by a green-red scale on the quiz's grid according to % correct below.
Pamela Anderson
Mr. Beast
Kristen Bell
Justin Bieber
Jimmy Buffett
Jim Carrey
Cindy Crawford
Stephen Curry
Drake
Bob Dylan
Michael J. Fox
Terry Fox
Selena Gomez
Ryan Gosling
Wayne Gretzky
Carly Rae Jepsen
Avril Lavigne
Rob Lowe
Seth McFarlane
Shawn Mendes
Joni Mitchell
Alanis Morissette
Mike Myers
William Shatner
Britney Spears
Alan Thicke
Justin Trudeau
Shania Twain
The Weeknd
Neil Young
 
Answer Stats
Answer % Correct
Justin Bieber
80%
Drake
71%
Justin Trudeau
69%
Jim Carrey
55%
Ryan Gosling
51%
Wayne Gretzky
50%
Avril Lavigne
48%
The Weeknd
46%
Pamela Anderson
44%
Alanis Morissette
38%
Shawn Mendes
38%
Carly Rae Jepsen
37%
Michael J. Fox
35%
Mike Myers
33%
Shania Twain
32%
Alan Thicke
25%
Terry Fox
25%
Neil Young
24%
Joni Mitchell
23%
William Shatner
22%
No matching quizzes found
Score Distribution
Percent of People with Each Score
Percentile by Number Answered
Your Score History
You have not taken this quiz